Political thinking and consciousness; (Record no. 6176)
[ view plain ]
| 000 -LEADER | |
|---|---|
| fixed length control field | 00618nam a22001811 4500 |
| 005 - DATE AND TIME OF LATEST TRANSACTION | |
| control field | 20260311181838.0 |
| 008 - FIXED-LENGTH DATA ELEMENTS--GENERAL INFORMATION | |
| fixed length control field | 721110s1969 ilu b 000 0 eng |
| 040 ## - CATALOGING SOURCE | |
| Original cataloging agency | KABLIB |
| Transcribing agency | KABLIB |
| Description conventions | rda |
| 082 00 - DEWEY DECIMAL CLASSIFICATION NUMBER | |
| Classification number | 320.019 |
| Edition number | 23 |
| Item number | LAN |
| 100 1# - MAIN ENTRY--PERSONAL NAME | |
| Personal name | Lane, Robert Edwards. |
| 9 (RLIN) | 15700 |
| 245 10 - TITLE STATEMENT | |
| Title | Political thinking and consciousness; |
| Remainder of title | the private life of the political mind / |
| Statement of responsibility, etc. | Robert E. Lane. |
| 260 ## - PUBLICATION, DISTRIBUTION, ETC. | |
| Place of publication, distribution, etc. | Chicago, |
| Name of publisher, distributor, etc. | Markham Pub. Co. |
| Date of publication, distribution, etc. | c1969 |
| 300 ## - PHYSICAL DESCRIPTION | |
| Extent | x, 348 p. ; |
| Dimensions | 24 cm. |
| 490 0# - SERIES STATEMENT | |
| Series statement | Markham political science series |
| 504 ## - BIBLIOGRAPHY, ETC. NOTE | |
| Bibliography, etc. note | Bibliographical footnotes, index. |
| 650 #0 - SUBJECT ADDED ENTRY--TOPICAL TERM | |
| Topical term or geographic name entry element | Political psychology. |
| 9 (RLIN) | 15190 |
| 942 ## - ADDED ENTRY ELEMENTS (KOHA) | |
| Source of classification or shelving scheme | Dewey Decimal Classification |
| Koha item type | Book |
| Withdrawn status | Lost status | Source of classification or shelving scheme | Damaged status | Not for loan | Home library | Current library | Shelving location | Date acquired | Source of acquisition | Total Checkouts | Full call number | Barcode | Date last seen | Price effective from | Koha item type |
|---|---|---|---|---|---|---|---|---|---|---|---|---|---|---|---|
| Dewey Decimal Classification | Mukombe Library | Mukombe Library | Open Access Section | 11.03.2026 | Donated | 320.019 LAN | 14599 | 11.03.2026 | 11.03.2026 | Book |